000
00299nam a2200157Ia 4500
100
_a
Schmuller/ Joseph
250
_a
1
942
_c
BK
654
_a
Computer
245
_a
Dynamics HTML
260
_b
B.P.B.
_c
1998
082
_a
6.6
_b
PIT
300
_a
581
546
_a
ENGLISH
999
_c
24022
_d
24022